Việt Nam văn hóa sử cương
Shranjeno v:
| Glavni avtor: | |
|---|---|
| Format: | Knjiga |
| Jezik: | Undetermined |
| Izdano: |
Thanh Hóa
Hồng Đức
2013
|
| Teme: | |
| Oznake: |
Označite
Brez oznak, prvi označite!
|
| Thư viện lưu trữ: | Trung tâm Học liệu Trường Đại học Cần Thơ |
|---|
| LEADER | 00516nam a2200181Ia 4500 | ||
|---|---|---|---|
| 001 | CTU_181267 | ||
| 008 | 210402s9999 xx 000 0 und d | ||
| 020 | |c 76000 | ||
| 082 | |a 959.7 | ||
| 082 | |b A107 | ||
| 100 | |a Đào, Duy Anh | ||
| 245 | 0 | |a Việt Nam văn hóa sử cương | |
| 245 | 0 | |c Đào Duy Anh | |
| 260 | |a Thanh Hóa | ||
| 260 | |b Hồng Đức | ||
| 260 | |c 2013 | ||
| 650 | |a Vietnamese history,Lịch sử Việt Nam | ||
| 980 | |a Trung tâm Học liệu Trường Đại học Cần Thơ | ||